000 01112nam a2200217Ia 4500
003 Ost
005 20260416102359.0
008 260416s9999||||xx |||||||||||||| ||und||
040 _cfsecg
041 _aara
082 _a350
100 _aقصري، فريدة
_eمؤلف
245 0 _a مدخل لعلم الإدارة :
_bموجهة لطلبة : السنة الثانية ليسانس جذع مشترك /
_c فريدة قصري
260 _aالجزائر
_bجامعة الجزائر3: كلية العلوم الإقتصادية، العلوم التجارية وعلوم التسيير
_c2022
300 _a120 ورقة
_bايضاحات
_c30 سم
504 _aالمراجع ص.114
520 _aمقدمة عن مدخل علم الادارة ، طبيعة الادارة و تطورها ، تطور الفكر الاداري ، الوظائف الاساسية لعلم الادارية .
653 _aالادارة
710 _aجامعة الجزائر3: كلية العلوم الإقتصادية، العلوم التجارية وعلوم التسيير
_eناشر علمي
942 _cHANDOUT
999 _c41344
_d41344